000 00425nam a2200169Ia 4500
005 20250508154804.0
008 008 250505s9999 xx 000 0 eng d
037 _aTextual
040 _aFEDL
_beng
_cFEDL
041 _aeng
_2eng
084 _a428, NUT
_qFEDL
100 _aNuttall Kenneth
_9766071
245 0 _aCoal for the fire
300 _a17p.
942 _cTEXL
_h428, NUT
999 _c1352115
_d1352115